000 01459nam a2200373Ia 4500
001 ebr10598017
003 CaPaEBR
006 m u
007 cr cn|||||||||
008 940929s1995 gw a sb 001 0 eng d
010 _z 94037129
020 _z3110145804 (alk. paper)
020 _z9783110145809
020 _z9783110889444
040 _aCaPaEBR
_cCaPaEBR
035 _a(OCoLC)815506534
050 1 4 _aBH151
_b.R44 1995eb
082 0 4 _a121/.3
_220
245 0 0 _aReflecting senses
_h[electronic resource] :
_bperception and appearance in literature, culture, and the arts /
_cedited by Walter Pape and Frederick Burwick.
260 _aBerlin ;
_aNew York :
_bW. de Gruyter,
_c1995.
300 _avi, 369 p. :
_bill.
504 _aIncludes bibliographical references (p. [315]-341) and index.
533 _aElectronic reproduction.
_bPalo Alto, Calif. :
_cebrary,
_d2011.
_nAvailable via World Wide Web.
_nAccess may be limited to ebrary affiliated libraries.
650 0 _aAesthetics, Modern.
650 0 _aIllusion (Philosophy)
650 0 _aIllusion in literature.
650 0 _aRepresentation (Philosophy)
650 0 _aInformation theory in aesthetics.
655 7 _aElectronic books.
_2local
700 1 _aPape, Walter.
700 1 _aBurwick, Frederick.
710 2 _aebrary, Inc.
856 4 0 _uhttp://site.ebrary.com/lib/rucke/Doc?id=10598017
_zAn electronic book accessible through the World Wide Web; click to view
999 _c108905
_d108905